| 000 | 00321 a2200121 4500 | ||
|---|---|---|---|
| 001 | 86770 | ||
| 082 | _a398.2 LOK | ||
| 090 |
_c40865 _d40865 |
||
| 100 | _aTafu Khan | ||
| 245 |
_aPreservation of Pakistani Cultural Folklore (Audio CD) _hAudio CD |
||
| 260 |
_aLok Virsa _bLok Virsa Islamabad _c2012 |
||
| 500 | _aLok Virsa | ||
| 942 |
_aCAENUST _k398.2 LOK |
||
| 999 |
_c321843 _d321843 |
||